<?xml version="1.0" encoding="UTF-8"?><collection xmlns="info:lc/xmlns/marcxchange-v2"><record format="Unimarc" type="bibliographic"><leader>00596cam  22002051  450 </leader><controlfield tag="001">1948276</controlfield><controlfield tag="003">http://id.bnportugal.gov.pt/bib/porbase/1948276</controlfield><controlfield tag="005">20030507161500.0</controlfield><datafield ind1=" " ind2=" " tag="010"><subfield code="a">0-521-20648-0</subfield></datafield><datafield ind1=" " ind2=" " tag="035"><subfield code="3">13261</subfield></datafield><datafield ind1=" " ind2=" " tag="095"><subfield code="a">PTBN00328658</subfield></datafield><datafield ind1=" " ind2=" " tag="100"><subfield code="a">19890222d1976    k  y0pora0103    ba</subfield></datafield><datafield ind1="0" ind2=" " tag="101"><subfield code="a">eng</subfield></datafield><datafield ind1=" " ind2=" " tag="102"><subfield code="a">GB</subfield></datafield><datafield ind1="1" ind2=" " tag="200"><subfield code="a">&lt;The &gt;earth</subfield><subfield code="e">its origin, history and physical constitution</subfield></datafield><datafield ind1=" " ind2=" " tag="205"><subfield code="a">6th. ed.</subfield></datafield><datafield ind1=" " ind2=" " tag="210"><subfield code="a">Cambridge</subfield><subfield code="c">Cambridge University Press</subfield><subfield code="d">1976</subfield></datafield><datafield ind1=" " ind2=" " tag="215"><subfield code="a">XII, 574 p.</subfield></datafield><datafield ind1=" " ind2=" " tag="675"><subfield code="a">550.3</subfield><subfield code="v">med</subfield><subfield code="z">fre</subfield><subfield code="3">292378</subfield></datafield><datafield ind1=" " ind2="1" tag="700"><subfield code="a">Jeffreys</subfield><subfield code="b">Harold</subfield><subfield code="f">1891-</subfield><subfield code="3">45186</subfield></datafield><datafield ind1=" " ind2="0" tag="801"><subfield code="a">PT</subfield><subfield code="b">BN</subfield><subfield code="g">RPC</subfield></datafield><datafield ind1=" " ind2=" " tag="977"><subfield code="1">550.3 J49e OP</subfield><subfield code="2">coop</subfield><subfield code="4">UACSD</subfield><subfield code="6">mq479937</subfield><subfield code="7">bc</subfield><subfield code="8">coop</subfield><subfield code="9">UACSD</subfield><subfield code="b">955</subfield><subfield code="k">0</subfield></datafield></record></collection>